Score 0/20 Timer 04:00
0 Plays Today
Scrambled Word Unscrambled Word % Correct
GAFNFang
94.2%
OWNSSnow
89.1%
YETBTBetty
88.6%
CIRHBBirch
83.7%
FRAWDDwarf
80.6%
ADREBBread
77.6%
USHOEHouse
65.4%
CHARTISMSChristmas
59.2%
GASPEPages
58.8%
BLUMAAlbum
57.7%
Scrambled Word Unscrambled Word % Correct
Word in Common with above Words:White
46%
LAPINSPlains
40.4%
LLORACCollar
34.8%
LATCHECOOChocolate
27.8%
CLEASTCastle
20.2%
STUNMOANIMountains
18.3%
SINSAURRussian
14.1%
LAZENFINDZinfandel
11.8%
IMUTNATITitanium
6.1%
ATFRONDSStanford
2.7%
Remove Ads.
Support Sporcle.
Get the best of Sporcle when you Go Orange. This ad-free experience offers more features, more stats, and more fun while also helping to support Sporcle. Thank you for becoming a member.

You're not logged in!

Compare scores with friends on all Sporcle quizzes.
OR
Log In

Show Comments

Extras

Top Quizzes Today


Score Distribution

Your Account Isn't Verified!

In order to create a playlist on Sporcle, you need to verify the email address you used during registration. Go to your Sporcle Settings to finish the process.

Report this User

Report this user for behavior that violates our Community Guidelines.

Details: